| 000 | 00589nam a2200193 i 4500 | ||
|---|---|---|---|
| 001 | 141390 | ||
| 003 | ES-MaACL | ||
| 005 | 20230906200302.0 | ||
| 007 | t| | ||
| 008 | 070921s1966 sp a d |||| | spa d | ||
| 080 | _a791.43(46)(03) | ||
| 100 | 1 |
_aVizcaíno Casas, Fernando. _9115612 |
|
| 245 | 1 | 0 |
_aDiccionario del cine español _b: 1896-1965 / _cFernando Vizcaíno Casas. |
| 260 |
_aMadrid : _bEditora Nacional, _c1966. |
||
| 300 |
_aXVI, 317 p. : _bil. ; _c24 cm. |
||
| 650 | 4 |
_aCine- _zEspaña- _vDiccionarios. _9171025 |
|
| 852 |
_aES-MaACL _jC-30200 |
||
| 852 |
_aES-MaACL _jC-30123 |
||
| 999 |
_c141390 _d141390 |
||